000 00591nam a2200205Ia 4500
005 20250326145549.0
008 250326s9999 xx 000 0 und d
037 _aTextbook
040 _aFMSL
_beng
_cFMSL
041 _aeng
_2eng
084 _aX:512 Q5.12
_qFMSL
100 _aMalhotra Naresh K.
245 0 _aBrand Meaning Management :Review of marketing Research
_cMalhotra Naresh K.
260 _aBingley
_bBingley, Emerald
_c2015
365 _b9242.1299999999992
490 _v12
650 _aManagement
942 _cTB
_hX:512 Q5.12
999 _c1308013
_d1308013